Los Angeles Lakers All-Decade Teams - Statistics

General Stats
  • This quiz has been taken 43 times
    4 since last reset
  • The average score is 17 of 40
Answer Stats
Decade Pos. Year(s) WS Player % Correct
2020s SG 2022-2026 27.5 Austin Reaves
100%
2020s PF/SF 2020-2026 50.2 LeBron James
100%
2020s C/PF 2020-2025 46.3 Anthony Davis
67%
2010s PG 2010-2012 8.8 Derek Fisher
67%
2000s PG/SG 2000-2004, 2008-2009 29.9 Derek Fisher
67%
1960s SF 1961-1969 86.0 Elgin Baylor
67%
1990s SF 1990-1994 25.7 James Worthy
67%
1980s SF/PF 1983-1989 55.6 James Worthy
67%
1970s PG 1970-1974 55.0 Jerry West
67%
1960s PG/SG 1961-1969 107.5 Jerry West
67%
1980s C 1980-1989 97.4 Kareem Abdul-Jabbar
67%
1970s C 1976-1979 61.3 Kareem Abdul-Jabbar
67%
2010s SG/SF 2010-2016 36.2 Kobe Bryant
67%
2000s SG 2000-2009 123.2 Kobe Bryant
67%
1990s PG 1990-1996 35.5 Magic Johnson
67%
1980s PG 1980-1989 120.3 Magic Johnson
67%
2000s C 2000-2004 69.9 Shaquille O'Neal
67%
1960s C 1969 14.7 Wilt Chamberlain
67%
2010s C 2010-2012 22.4 Andrew Bynum
33%
1970s SG 1971-1976 45.1 Gail Goodrich
33%
1950s C 1950-1956 87.8 George Mikan
33%
1970s PF 1970-1975 44.6 Happy Hairston
33%
2000s PF 2005-2009 35.2 Lamar Odom
33%
2020s PG 2025-2026 12.9 Luka Doncic
33%
1980s SG 1980-1989 49.8 Michael Cooper
33%
2010s C/PF 2010-2014 40.7 Pau Gasol
33%
2000s SF 2000-2004 17.0 Rick Fox
33%
1950s PG 1950-1956 39.1 Slater Martin
33%
1950s PF 1950-1959 83.4 Vern Mikkelsen
33%
1990s C 1990-1996 43.7 Vlade Divac
33%
1960s SG 1963-1965 17.9 Dick Barnett
0%
1950s SG 1956-1959 17.8 Dick Garmaker
0%
1990s SG 1995-1999 33.5 Eddie Jones
0%
1990s PF/C 1991-1999 35.5 Elden Campbell
0%
1980s SF 1980-1985 40.4 Jamaal Wilkes
0%
1970s SF 1971-1973 16.7 Jim McMillian
0%
1950s SF 1950-1955 27.7 Jim Pollard
0%
2010s SF 2010-2013, 2016-2017 16.8 Metta World Peace
0%
1960s PF 1960-1967 46.6 Rudy LaRusso
0%
2020s PF 2023-2026 12.8 Rui Hachimura
0%
No matching quizzes found
Score Distribution
Percent of People with Each Score
Percentile by Number Answered
Your Score History
You have not taken this quiz since the last reset